| 000 | 01132cam a22003377a 4500 | ||
|---|---|---|---|
| 003 | CHAP | ||
| 005 | 20220329133419.0 | ||
| 008 | 971013s1992 r 00010 d | ||
| 010 | _a6095 | ||
| 011 | _a7067 | ||
| 035 | _a6290 | ||
| 040 | _cCHAP | ||
| 082 |
_a920 _bA3 1992 |
||
| 100 | 0 | 0 |
_aAguilar Solis, Jose Angel. _92859 |
| 245 | 1 | 3 |
_aUn hombre en la historia _b: Salvador Sánchez Colín |
| 250 | _a2ed. | ||
| 260 |
_aToluca, Méx. : _bInstituto Mexiquense de Cultura, _c1992 |
||
| 300 |
_a207 p. _e+ Fotografías |
||
| 500 | _a60-238 | ||
| 590 |
_aBATCH-UPD _b10 _c20130110 _lUCH01 _h1925 |
||
| 590 |
_aBATCH-UPD _b10 _c20130410 _lUCH01 _h1250 |
||
| 590 |
_aBATCH-UPD _b10 _c20130913 _lUCH01 _h2215 |
||
| 590 |
_aCONVERSION _b10 _c20130109 _lUCH01 _h1304 |
||
| 650 | 1 | 4 |
_aAgrónomos _xBiografia. _92202 |
| 700 | 0 |
_aSánchez Colín, Salvador. _9107431 |
|
| 901 | _aBK | ||
| 942 | _cLIBRO | ||
| 949 |
_a920 A3 1992 _bBC _cLIBRO _d33724000153995 _eLIBRO _fc.3 _h83504 _i6290 _si |
||
| 949 |
_a920 A3 1992 _bBC _cLIBRO _d33724000154001 _eLIBRO _fc.2 _h83504 _i6290 _si |
||
| 949 |
_a920 A3 1992 _bBC _cLIBRO _d33724000154019 _eLIBRO _h83503 _i6290 _si |
||
| 999 |
_c6095 _d6095 |
||